NLSUI OPAC header image

Deepening Democracy : Institutional Innovations in Empowered Participating Governance (Record no. 120685)

MARC details
000 -LEADER
fixed length control field 00364nam a2200121Ia 4500
020 ## - INTERNATIONAL STANDARD BOOK NUMBER
International Standard Book Number 9781859844663
100 ## - MAIN ENTRY--PERSONAL NAME
Personal name Archon Fung|Erick Olin Wright
245 #0 - TITLE STATEMENT
Title Deepening Democracy : Institutional Innovations in Empowered Participating Governance
264 ## - PRODUCTION, PUBLICATION, DISTRIBUTION, MANUFACTURE, AND COPYRIGHT NOTICE
Name of producer, publisher, distributor, manufacturer Verso
Date of production, publication, distribution, manufacture, or copyright notice 2003
300 ## - PHYSICAL DESCRIPTION
Extent 312
942 ## - ADDED ENTRY ELEMENTS (KOHA)
Koha item type CSSEIP Office Library Collection
Holdings
Withdrawn status Lost status Damaged status Not for loan Home library Current library Shelving location Date acquired Total Checkouts Barcode Date last seen Price effective from Koha item type
      Not For Loan . . CSSEIP Office Library - Gandhian Studies 23.06.2020   G0036                23.06.2020 23.06.2020 CSSEIP Office Library Collection